000 00423nam a2200181Ia 4500
001 2096
005 20260306143817.0
008 260306t2017||||xx |||||||||||||| ||spa||
041 _aESP
082 _a612.8
_bK73 2017
100 _aKolb, Bryan
_eAUT
245 0 _aNeuropsicología humana
260 _c2017
300 _avarias paginaciones : :
_c27 cm.
650 _aGEN
654 _aCPS
942 _cLIB
_dJUS
_fJUS
_2ddc
_n
999 _c2096
_d2096